000 01730nam a22004337a 4500
999 _c29444
_d29415
003 EG-ScBUE
005 20210920113450.0
008 200219t2006 nyua f 001 0 eng d
020 _a9780131523593
020 _a0131523597
040 _aEG-ScBUE
_beng
_erda
_cEG-ScBUE
_dEG-ScBUE
082 0 4 _a808.042
_bOSH
_222
100 1 _aOshima, Alice,
_eauthor.
245 1 0 _aWriting academic English /
_cAlice Oshima, Ann Hogue.
250 _aFourth edition.
264 1 _aWhite Plains, NY :
_bPearson Education, Inc.,
_c[2006]
264 4 _cc2006
300 _axi, 337 pages :
_billustrations ;
_c28 cm.
336 _2rdacontent
_atext
_btxt
337 _2rdamedia
_aunmediated
_bn
338 _2rdacarrier
_avolume
_bnc
490 0 _aThe Longman Academic writing series ;
_vlevel 4
500 _aIncludes index.
500 _aIncludes appendix.
505 0 _apt. 1. Writing a paragraph -- pt. 2. Writing an essay -- pt. 3. Sentence structure.
650 7 _aEnglish language
_xRhetoric
_vHandbooks, manuals, etc.
_2BUEsh
650 7 _aEnglish language
_xGrammar
_vHandbooks, manuals, etc.
_2BUEsh
650 7 _aEnglish language
_vTextbooks for foreign speakers.
_2BUEsh
650 7 _aAcademic writing
_vHandbooks, manuals, etc.
_2BUEsh
650 7 _aReport writing
_vHandbooks, manuals, etc.
_2BUEsh
653 _bHHUUEENN
_cSeptember2021
655 _vReading book
_934232
700 1 _aHogue, Ann,
_eauthor.
_928234
856 4 1 _3Table of contents
_uhttp://www.loc.gov/catdir/toc/ecip0515/2005017872.html
906 _a7
_bcbc
_corignew
_d1
_eecip
_f20
_gy-gencatlg
942 _2ddc
_cBB